000
00288 a2200109 4500
001
ART_44506
005
20260410161709.0
008
260409a
245
1
0
_a
Impuestos internos
100
1
_a
Baldo, Alberto
773
0
_t
Revista Impuestos
_g
- NÂș 8 (ago. 2017)
_w
REV639
999
_c
15878
_d
15878